Cargando…

Explore Texas : A Nature Travel Guide /

Detalles Bibliográficos
Autor principal: Parker, Mary O. (Autor)
Otros Autores: Parker, Jeff, 1968- (Fotógrafo)
Formato: Electrónico eBook
Idioma:Inglés
Publicado: College Station : Texas A & M University Press, [2016]
Edición:First edition.
Colección:Book collections on Project MUSE.
Temas:
Acceso en línea:Texto completo

MARC

LEADER 00000cam a22000004a 4500
001 musev2_46194
003 MdBmJHUP
005 20230905044829.0
006 m o d
007 cr||||||||nn|n
008 151113s2016 txu o 00 0 eng d
020 |a 9781623494049 
020 |z 1623494044 
020 |z 9781623494032 
040 |a MdBmJHUP  |c MdBmJHUP 
100 1 |a Parker, Mary O.,  |e author. 
245 1 0 |a Explore Texas :   |b A Nature Travel Guide /   |c Mary O. Parker ; photography by Jeff Parker ; foreword by Carter Smith. 
250 |a First edition. 
264 1 |a College Station :  |b Texas A & M University Press,  |c [2016] 
264 3 |a Baltimore, Md. :  |b Project MUSE,   |c 0000 
264 4 |c ©[2016] 
300 |a 1 online resource:   |b illustrations, maps 
336 |a text  |b txt  |2 rdacontent 
337 |a computer  |b c  |2 rdamedia 
338 |a online resource  |b cr  |2 rdacarrier 
505 0 |a Intro; Contents; Contents pg. 2; Contents pg. 3; Contents pg. 4; Foreword; How to Use This Book; Introduction; Big Bend Country; 1. Chihuahuan Desert Fiesta at Franklin Mountains State Park (El Paso); 2. Chihuahuan Desert Gardens (El Paso; 3. Chihuahuan Desert Nature Center (Fort Davis); 4. Davis Mountains State Park (Fort Davis; 5. El Paso Desert Botanical Gardens at Keystone Heritage Park (El Paso); 6. Franklin Mountains Poppies Celebration (El Paso); 7. McDonald Observatory's Rebecca Gale Telescope Parkand Visitors' Center (Fort Davis) 
505 0 |a 8. McKittrick Canyon Fall Foliage (Guadalupe Mountains National Park)9. Rio Bosque Wetlands Park (El Paso); 10. Rio Grande Wild and Scenic River at Big Bend National Park (Terlingua); 11. Wilderness Park at El Paso Museum of Archaeology (El Paso); Gulf Coast; 1. Armand Bayou Nature Center (Pasadena); 2. Boat-Based Wildlife Watching (Rockport; 3. Brazos Bend State Park / George Observatory (Needville); 4. Corpus Christi Hawk Watch (Corpus Christi; 5. Fennessey Ranch (Bayside); 6. Galveston Island FeatherFest (Galveston); 7. Gulf Coast Bird Observatory (Lake Jackson) 
505 0 |a 8. HummerBird Celebration (Rockport-Fulton)9. Jesse H. Jones Park and Nature Center / NatureFest (Humble); 10. King Ranch Nature Tours (Kingsville); 11. Migration Celebration (Brazoria); 12. Rio Grande Valley Birding Festival (Harlingen); 13. Sabal Palm Sanctuary (Brownsville); 14. Sea Turtle, Inc. (South Padre; 15. Smith Oaks Rookery (High Island); 16. South Padre Island Birding and Nature Center (South Padre Island); 17. Waugh Drive Bat (Houston Colony; 18. [Rob and Bessie] Welder Wildlife Refuge (Sinton); 19. Whooping Crane Festival (Port Aransas; Hill Country 
505 0 |a 1. Balcones Songbird Festival / Balcones CanyonlandsNational Wildlife Refuge (Marble Falls)2. Block Creek Natural Area (Comfort); 3. Canyon of the Eagles Nature Park (Burnet); 4. Cascade Caverns (Boerne); 5. Caverns of Sonora (Sonora); 6. Cave Without a Name (Boerne); 7. Congress Avenue Bridge Bat Viewing (Austin); 8. Eaton Hill Nature Center and Preserve (Sonora); 9. Frio Bat Flight (Concan); 10. Hill Country Adventures and Nature Center (Rio Frio); 11. Inner Space Cavern (Georgetown); 12. Lady Bird Johnson Wildflower Center (Austin); 13. Lost Maples State Natural Area (Vanderpool) 
505 0 |a 14. The Meadows Center for Water and the Environment (San Marcos)15. Natural Bridge Caverns (New Braunfels; 16. Purple Martin Parties (Austin); 17. Vanishing Texas River Cruise (Burnet); 18. Westcave Outdoor Discovery Center (Austin); 19. Wings Over the Hills Nature Festival (Fredericksburg); 20. X Bar Ranch Nature Retreat (Sonora); Panhandle Plains; 1. Alibates Flint Quarries National Monument (Fritch); 2. Bar H Working Dude Ranch (Clarendon); 3. Canadian Fall Foliage Festival (Canadian); 4. Caprock Canyons State Park and Trailway (Quitaque); 5. Fort Griffin State Historic Site (Albany) 
588 |a Description based on print version record. 
650 7 |a Natural areas.  |2 fast  |0 (OCoLC)fst01033960 
650 7 |a National parks and reserves.  |2 fast  |0 (OCoLC)fst01033642 
650 7 |a Ecotourism.  |2 fast  |0 (OCoLC)fst00902317 
650 6 |a Parcs nationaux  |z Texas  |v Guides. 
650 6 |a Écotourisme  |z Texas  |v Guides. 
650 0 |a National parks and reserves  |z Texas  |v Guidebooks. 
650 0 |a Ecotourism  |z Texas  |v Guidebooks. 
650 0 |a Natural areas  |z Texas  |v Guidebooks. 
651 7 |a Texas.  |2 fast  |0 (OCoLC)fst01210336 
651 6 |a Texas  |v Guides. 
651 0 |a Texas  |v Guidebooks. 
655 7 |a Guidebooks.  |2 fast  |0 (OCoLC)fst01423871 
655 7 |a Electronic books.   |2 local 
700 1 |a Parker, Jeff,  |d 1968-  |e photographer. 
710 2 |a Project Muse.  |e distributor 
830 0 |a Book collections on Project MUSE. 
856 4 0 |z Texto completo  |u https://projectmuse.uam.elogim.com/book/46194/ 
945 |a Project MUSE - Custom Collection